Normal view
MARC view
Entry Topical Term
001 - CONTROL NUMBER
- control field: 76694
003 - CONTROL NUMBER IDENTIFIER
- control field: OSt
005 - DATE AND TIME OF LATEST TRANSACTION
- control field: 20190918132906.0
008 - FIXED-LENGTH DATA ELEMENTS
- fixed length control field: 190918|| aca||aabn | a|a d
040 ## - CATALOGING SOURCE
- Original cataloging agency: OSt
- Transcribing agency: OSt
150 ## - HEADING--TOPICAL TERM
- Topical term or geographic name entry element: राजनीति
670 ## - SOURCE DATA FOUND
- Source citation: Work cat.: (OSt): प्रभाकर श्रोत्रिय 40757, हिन्द स्वराज हर पल युगारंभ , 2015









